IFM Opac

Entrepreneurship: (Record no. 22087)

MARC details
000 -LEADER
fixed length control field 00441nam a22001697a 4500
020 ## - INTERNATIONAL STANDARD BOOK NUMBER
ISBN 978-1-0718-0807-8
082 ## - DEWEY DECIMAL CLASSIFICATION NUMBER
Classification number 338 04
100 ## - MAIN ENTRY--AUTHOR NAME
Personal name Neck, Heidi M.
245 ## - TITLE STATEMENT
Title Entrepreneurship:
Sub Title The Practice and Mindset
250 ## - EDITION STATEMENT
Edition statement 2nd
260 ## - PUBLICATION, DISTRIBUTION, ETC. (IMPRINT)
Place of publication Los Angeles:
Name of publisher Sage Publication,
Year of publication 2021
300 ## - PHYSICAL DESCRIPTION
Number of Pages xxxix, 486p.: ill.; 28cm
500 ## - GENERAL NOTE
General note Include Index
700 ## - ADDED ENTRY--PERSONAL NAME
Personal name Neck, Christopher P
700 ## - ADDED ENTRY--PERSONAL NAME
Personal name Murray, Emma L
942 ## - ADDED ENTRY ELEMENTS (KOHA)
Koha item type Books
Holdings
Withdrawn status Lost status Damaged status Not for loan Collection code Permanent Location Current Location Shelving location Date acquired Source of acquisition Full call number Accession Number Price effective from Koha item type
        Non-fiction IFM Main Campus Library IFM Main Campus Library Work Room processing 03/21/2025 Purchase 338.04 NEC 0000030580 03/21/2025 Books
        Non-fiction IFM Main Campus Library IFM Main Campus Library Work Room processing 03/21/2025 Purchase 338.04 NEC 0000030579 03/21/2025 Books
        Non-fiction IFM Main Campus Library IFM Main Campus Library Work Room processing 03/21/2025 Purchase 338.04 NEC 0000030578 03/21/2025 Books